000 00415nam a22001577a 4500
005 20251108172042.0
008 250721s1976 xx 000 0 ara d
082 1 4 _a218/علي
100 1 _aالخربوطي، علي حسني
245 1 0 _aتاريخ الكعبة /
264 1 _aبيروت :
_bدار الجليل،
_c1976.
300 _a192ص
650 1 7 _aالكعبة
942 _2ddc
_cBK
999 _c69211
_d69211